000 00464pam a2200157a 44500
008 230405s2002 xxu||||| |||| 00| 0 eng d
041 _aENG
100 _aबागुल, प्रभाकर
245 _aअग्निकन्या पांचाली
260 _aपुणे
_bचंद्रमौळी प्रकाशन
_c2002
300 _a384p.
440 _aSource =
650 _aMARATHI FICTION
690 _aMARATHI
906 _a4632
999 _c784856
_d784856